Animaux emblématiques - Pays - Statistiques

Statistiques générales
  • Ce quiz a été pris 172 fois
  • Le résultat moyen est 5 sur 11
Statistiques - réponses
Hint Réponse % Correct
France Coq
99%
Australie Kangourou
82%
Allemagne Aigle
73%
Angleterre Lion
73%
Chine Panda
62%
Espagne Taureau
53%
Madagascar Lémurien
40%
Inde Tigre
40%
Russie Ours brun
14%
Cuba Crocodile
6%
Colombie Condor des Andes
1%
Aucun quiz correspondant
Distribution des résultats
% des personnes avec chaque résultat
Percentile par nombre de réponses
Votre historique - résultats
Vous n’avez pas pris ce quiz